Solidarismo : órgano de divulgación doctrinal y análisis /

Uloženo v:
Podrobná bibliografie
Korporativní autor: Solidarismo
Médium: Kniha
Jazyk:španělština
Vydáno: México : Solidarismo, 2005
Tagy: Přidat tag
Žádné tagy, Buďte první, kdo vytvoří štítek k tomuto záznamu!

MARC

LEADER 00000nam^a2200000^a^4500
001 000575687
005 20250521000000.0
009 20260310132413.567
037 |a Acervo ITESO - Biblioteca 
041 |a ESP 
091 |a FGM. 05578 
110 |a Solidarismo 
245 1 0 |a Solidarismo :  |b órgano de divulgación doctrinal y análisis / 
264 1 |a México :  |b Solidarismo,  |c 2005 
300 |a IX, 501 p. 
336 |a texto  |b txt  |2 rdacontenido 
337 |a sin mediación  |b n  |2 rdamedio 
338 |a volumen  |b nc  |2 rdasoporte 
649 |a XX 
910 |a Fondo Efraín González Morfín 
920 |a Impresos - Libros 
930 |a Fondos Especiales 
905 |a 130 
901 |a 0500385618  |b IT2  |c ESL  |i D95481  |u 20250521 
901 |a 0500385597  |b IT2  |c ESL  |i D93169  |u 20250521 
901 |a 0500385615  |b IT2  |c ESL  |i D93168  |u 20250521 
901 |a 0500385594  |b IT2  |c ESL  |i D93170  |u 20250521 
901 |a 0500357625  |b IT2  |c ESL  |i D93165  |u 20250521 
901 |a 0500357628  |b IT2  |c ESL  |i D91926  |u 20250521 
901 |a 0500385608  |b IT2  |c ESL  |i D92495  |u 20250521 
901 |a 0500385605  |b IT2  |c ESL  |i D93167  |u 20250521 
901 |a 0500385602  |b IT2  |c ESL  |i D93166  |u 20250521 
902 |a https://opac.biblio.iteso.mx/vufind/Record/000575687